000 00668cab a2200217 4500
001 WB2415-01
008 090401t1988 xxu||||| |||| 00| 0 eng d
035 _a(Sirsi) u4183
041 _aeng
245 _aExposure to radon
260 _c1988
300 _a(See also WB2414-15)
350 _a0
490 _aHealth and Safety Commission News Release
_v30 March 1988, 2 pages
520 _aFurther guidance for protection for work activities involving exposure to radon has been published by the Health and Safety Commission .
650 _aIONISING RADIATIONS
650 _aRADIOACTIVITY
690 _aBUILT ENVIRONMENT
942 _n0
948 _c04/03/1997
999 _c2503
_d2503